000 00660nam a22001817a 4500
008 191128b xxu||||| |||| 00| 0 eng d
020 _a9780323072212
050 _aRC 78.7 .D35C37
100 _aCarter, Christi.--
245 _aDigital radiography and PACS
_cChristi E Carter; Beth L Vealé
260 _aSt. Louis, Mo. :
_bMosby Elsevier,
_c2008.
300 _axiii, 237 pages : illustrations ; 24 cm
500 _aIncludes index.
690 _aRadiography, Medical -- Digital techniques.
690 _aImage Processing, Computer-Assisted -- methods.
690 _aRadiographic Image Interpretation, Computer-Assisted -- methods.
942 _2lcc
_cBK
999 _c362732
_d362732